000 00731nam a2200217 a 4500
001 56178
003 BD-RjUL
005 20211209080350.0
008 161127s1948 bg ||||| |||| 00| 0 ben d
035 _a(BD-RjUL)56302
040 _aBD-RjUL
_bben
_cBD-RjUL
_dBD-RjUL
041 _aben
082 _223
_a891.442
_bFAP 1948
100 _aফজ্‌ল, আবুল
_9119187
245 1 0 _aপ্রগতি :
_b(নাটক) /
_cআবুল ফজ্‌ল,
260 _aঢাকা :
_bওরিয়েন্ট পাব্লিশার্স,
_c১৯৪৮
300 _a৪৫ পৃ. ;
_c১৯ সেমি.
650 _aবাংলা নাটক
_9167154
650 _aBengali Drama
_9167155
942 _2ddc
_cBK
999 _c56178
_d56178